Najbogatsze Gminy oraz Miasta w Polsce - Dla Kolegi Ingacego - Statystyki

Ogólne statystyki
  • Ten quiz został rozwiązany 326 razy
  • Średni wynik to 3 z 20
Statystyki odpowiedzi
Miejsce Odpowiedź Dochody na mieszkańca (w zł) Województwo % Poprawnych
13. Warszawa 9 610 mazowieckie
81%
1. Kleszczów 43 999 łódzkie
34%
19. Sopot 9 064 pomorskie
29%
17. Świnoujście 9 171 zachodniopomorskie
22%
20. Polkowice 9 019 dolnośląskie
17%
3. Rewal 14 288 zachodniopomorskie
12%
4. Krynica Morska 13 582 pomorskie
11%
11. Mielno 9 658 zachodniopomorskie
11%
7. Kobierzyce 10 517 dolnośląskie
10%
8. Karpacz 10 243 dolnośląskie
9%
9. Darłowo 10 151 zachodniopomorskie
7%
6. Dziwnów 11 453 zachodniopomorskie
7%
10. Jerzmanowa 9 784 dolnośląskie
3%
15. Podkowa Leśna 9 337 mazowieckie
3%
5. Rząśnia 13 120 łódzkie
3%
2. Świeradów-Zdrój 15 898 dolnośląskie
3%
12. Byczyna 9 611 opolskie
1%
14. Daszyna 9 367 łódzkie
1%
18. Grębocice 9 107 dolnośląskie
1%
16. Ostrów 9 230 podkarpackie
1%
Nie znaleziono quizów pasujących do podanych kryteriów
Rozkład punktacji
Procent ludzi z każdym wynikiem
Percentyl według liczby udzielonych odpowiedzi
Twoja historia wyników
Nie rozwiązałeś tego quizu